Super Genius Maths Quiz / (Record no. 290323)
[ view plain ]
| 000 -LEADER | |
|---|---|
| fixed length control field | 00408nam a2200157Ia 4500 |
| 008 - FIXED-LENGTH DATA ELEMENTS--GENERAL INFORMATION | |
| fixed length control field | 160114s9999 xx 000 0 und d |
| 020 ## - INTERNATIONAL STANDARD BOOK NUMBER | |
| International Standard Book Number | 8129103680 |
| 050 ## - LIBRARY OF CONGRESS CALL NUMBER | |
| Classification number | 793.74 |
| 050 ## - LIBRARY OF CONGRESS CALL NUMBER | |
| Item number | .S186r 2010 |
| 100 ## - MAIN ENTRY--PERSONAL NAME | |
| Personal name | Salwi, Dilip M. |
| 245 ## - TITLE STATEMENT | |
| Title | Super Genius Maths Quiz / |
| Statement of responsibility, etc | Dilip M Salwi. |
| 260 ## - PUBLICATION, DISTRIBUTION, ETC. (IMPRINT) | |
| Place of publication, distribution, etc | New Delhi |
| Name of publisher, distributor, etc | Rupa Co. |
| Date of publication, distribution, etc | 2010 |
| 300 ## - PHYSICAL DESCRIPTION | |
| Extent | 135 pages; |
| 650 ## - SUBJECT ADDED ENTRY--TOPICAL TERM | |
| Topical term or geographic name as entry element | Mathematics -- |
| 650 ## - SUBJECT ADDED ENTRY--TOPICAL TERM | |
| General subdivision | Miscellanea. |
| Withdrawn status | Lost status | Damaged status | Home library | Current library | Shelving location | Date acquired | Total Checkouts | Full call number | Date last seen | Price effective from | Koha item type |
|---|---|---|---|---|---|---|---|---|---|---|---|
| Stonyhurst Southville International School (Batangas) | Stonyhurst Southville International School (Batangas) | Grade School Section | 01/14/2016 | 793.74 .S186r 2010 | 01/14/2016 | 01/14/2016 | Books |